Name Dropping #13: British Playwrights - Statistics

General Stats
  • This quiz has been taken 55 times
  • The average score is 14 of 25
Answer Stats
Hint Extra Hint Answer % Correct
Oscar 1854-1900. The Importance of Being Earnest Wilde
93%
William 1564-1616. Romeo and Juliet Shakespeare
91%
George Bernard 1856-1950. Pygmalion Shaw
86%
Christopher 1564-1593. Doctor Faustus Marlowe
84%
Samuel Taylor 1772-1834. Remorse Coleridge
77%
Noël 1899-1973. Private Lives Coward
75%
Graham 1904-1991. The Power and the Glory Greene
75%
Tom b. 1937. Rosencrantz & Guildenstern Are Dead Stoppard
75%
Harold 1930-2008. The Homecoming Pinter
64%
J. B. 1894-1984. An Inspector Calls Priestley
64%
Alan b. 1939. Absurd Person Singular Ayckbourn
57%
Ben 1572-1637. Volpone Jonson
57%
Alan b. 1934. History Boys Bennett
55%
Peter 1926-2016. Equus Shaffer
55%
Caryl b. 1938. Top Girls Churchill
45%
John 1867-1933. Justice Galsworthy
41%
David b. 1947. Stuff Happens Hare
41%
John c. 1578 - c. 1632. The Duchess of Malfi Webster
41%
Howard b. 1942. Bloody Poetry Brenton
34%
Michael b. 1933. Noises Off Frayn
34%
Arthur Wing 1855-1934. The Second Mrs Tanqueray Pinero
34%
William 1611-1643. The Lady Errant Cartwright
23%
Sarah 1971-1999. Blasted Kane
23%
James b. 1982. Labour of Love Graham
20%
John 1576-1634. The Malcontent Marston
20%
No matching quizzes found
Score Distribution
Percent of People with Each Score
Percentile by Number Answered
Your Score History
You have not taken this quiz